Statistiken für Buchstabenrätsel #3

Klicken Sie hier um das Quiz zu spielen!

Allgemein

  • Dieses Quiz wurde 298 mal gespielt
  • Das Durchschnittsergebnis liegt bei 20 aus 25

Antwortstatistiken

TippAntwort% Korrekt
Pfeil undBogen
99%
"Viel Glück und viel Segen auf all deinen ..."Wegen
99%
Gegenteil von TodLeben
93%
Beruf, der Wände bunt machtMaler
93%
nicht süßsauer
93%
LandwirtBauer
91%
Jemanden Beobachten: "Auf der ... liegen"Lauer
91%
Wand aus SteinenMauer
91%
sprechenreden
91%
"Die ... Glätten" (z.B. bei Streit)Wogen
91%
OrganLeber
89%
Man steht auf demBoden
86%
altes Wort für MünzeTaler
86%
Pflanzen im WeinbauReben
84%
Bäume fällenroden
84%
Jugendsprache: "... nich(t)"Laber
82%
Zeitliche LängeDauer
81%
sich anerkennend äußernLoben
78%
UmhängeRoben
73%
orientalischer MarktBasar
70%
das Riechorgan betreffenNasal
61%
grundlegend, elementar, fundamentalBasal
52%
Gewand von Richter*innenTalar
49%
vorgeburtlich: Prä-...Natal
47%
mythische Anführer der Fomire in Assasin`s CreedBalar
44%

Verteilung der Resultate

Perzentil nach korrekt beantworteten Fragen

Anzahl Personen mit jedem Resultat

Ihre Resultats-Entwicklung

Sie haben dieses Quiz noch nicht gespielt